Kuriérske služby: Tlak na kvalitu bude rásť
Dynamický rast kuriérskych služieb na Slovensku ako dôsledok rastu ekonomiky a celkového prílevu nových možností v súvislosti s rozvojom podnikania a príchodom zahraničných investorov. Negatívny vplyv nedostatočného objemu preprav na časy doručenia. Využitie kuriérskej služby ako distribučného systé...
Gespeichert in:
| 1. Verfasser: | |
|---|---|
| Format: | Buchkapitel |
| Sprache: | Slowakisch |
| Schlagworte: | |
| Tags: |
Keine Tags, Fügen Sie das erste Tag hinzu!
|
MARC
| LEADER | 00000naa$a2200000$$$4500 | ||
|---|---|---|---|
| 001 | 0054776 | ||
| 005 | 20231011071430.3 | ||
| 041 | 0 | |a slo | |
| 044 | |a CZ | ||
| 245 | 1 | 0 | |a Kuriérske služby: Tlak na kvalitu bude rásť |c Jaroslav Smíšek |
| 520 | |a Dynamický rast kuriérskych služieb na Slovensku ako dôsledok rastu ekonomiky a celkového prílevu nových možností v súvislosti s rozvojom podnikania a príchodom zahraničných investorov. Negatívny vplyv nedostatočného objemu preprav na časy doručenia. Využitie kuriérskej služby ako distribučného systému. Slovenský trh balíkových a kuriérskych služieb. | ||
| 610 | 2 | 0 | |a služby donáškové |
| 610 | 2 | 0 | |a kvalita |
| 610 | 2 | 0 | |a distribúcia |
| 610 | 2 | 0 | |a Slovensko |
| 610 | 2 | 0 | |a spoločnosti |
| 610 | 2 | 0 | |a preprava |
| 100 | 1 | |a Smíšek, Jaroslav | |